10-Letter Vocabulary (Hard) Quiz Stats

 Plays Quiz Updated Jul 9, 2018

Challenge
Share
Tweet
Embed
Score 0/25 Timer 08:00
0 Plays Today
% Correct
evangelize
89.2%
xenophobia
88.5%
epiglottis
86%
tourniquet
85%
teetotaler
84.5%
eurythmics
83.3%
cenophobia
83%
natatorium
82.9%
juggernaut
80.4%
ameliorate
79.2%
pugnacious
79%
depilatory
74.2%
epigastric
73.3%
% Correct
stigmatize
72.8%
geotropism
71.3%
diaphanous
66.5%
bowdlerize
65.7%
iconoclast
65.4%
epithelium
65.3%
lugubrious
60.7%
vituperate
60.2%
fiddlehead
59.6%
bellwether
49.8%
heliotrope
49.1%
apocryphal
43.3%

You're not logged in!

Compare scores with friends on all Sporcle quizzes.
Join for Free
OR
Log In

You Might Also Like...

Show Comments

Extras

Top Quizzes Today


Score Distribution

Your Account Isn't Verified!

In order to create a playlist on Sporcle, you need to verify the email address you used during registration. Go to your Sporcle Settings to finish the process.

Report this User

Report this user for behavior that violates our Community Guidelines.

Details: